000 01236cam a2200349 a 4500
003 CHAP
005 20220329142219.0
008 000222d1997 mx r 00110 spa d
010 _a80009
011 _a80981
020 _a0205160867
035 _a91440
040 _cCHAP
082 0 4 _a300.83
_bH6y 1996
100 0 0 _aHopkins, Kenneth D.
_956203
245 1 0 _aEstadística básica para las Ciencias Sociales y del comportamiento
_c/por Kenneth D. Hopkins, B.R. Hopkins y Gene V. Glass
260 _aMéxico, D.F. ;
_bPrentice Hall,
_c1997.
300 _a406 p. :
_bgráfs. + 1 diskette 3 1/2 plg.
500 _aTrad. de : Basic statistics for the behavioral science, 3 ed. de 1996.
590 _aBATCH-UPD
_b10
_c20130110
_lUCH01
_h0617
590 _aBATCH-UPD
_b10
_c20130410
_lUCH01
_h0300
590 _aBATCH-UPD
_b10
_c20130914
_lUCH01
_h1325
590 _aCONVERSION
_b10
_c20130109
_lUCH01
_h1344
650 1 4 _aEstadística.
_938241
650 1 4 _aEstadísticas sociales.
_938266
700 0 _aGlass, Gene V.
_948255
700 0 _aHopkins, B. R.
_956197
901 _aBK
905 _aGuadalupe Pinto C.
942 _cLIBRO
949 _a300.83 H6Y 1996
_bBC
_cLIBRO
_d33724000763272
_eLIBRO
_gI. 199092
_h96314
_i91440
_si
_t$133.00
999 _c80009
_d80009